[Event "Levice op"]
[Site "Levice"]
[Date "2018.08.03"]
[Round "2"]
[White "Sevcik, Peter"]
[Black "Krizo, Eugen"]
[Result "1-0"]
[WhiteElo "1640"]
[BlackElo "1444"]
[PlyCount "83"]
[EventDate "2018.08.02"]
[EventType "swiss"]
[EventRounds "7"]
[EventCountry "SVK"]
[SourceTitle "CBM 185 Extra"]
[Source "ChessBase"]
[SourceDate "2018.07.29"]
[SourceVersion "1"]
[SourceVersionDate "2018.07.29"]
[SourceQuality "1"]

1. d4 Nf6 2. f4 e6 3. Nf3 d5 4. e3 Be7 5. Bd3 c5 6. c3 Nc6 7. 0-0 Bd7 8. Qe1 Qb6 9. Ne5 0-0-0 10. Nxf7 Rdf8 11. Nxh8 Rxh8 12. Kh1 Qd8 13. Nd2 Qg8 14. Nf3 h6 15. Ne5 Nxe5 16. fxe5 c4 17. Bc2 Ng4 18. h3 h5 19. e4 Bc6 20. exd5 Bxd5 21. Be4 g5 22. Bxd5 exd5 23. hxg4 hxg4+ 24. Kg1 Qh7 25. Qg3 Qh1+ 26. Kf2 Rf8+ 27. Bf4 Rxf4+ 28. Ke2 Qh7 29. Rxf4 Qd3+ 30. Qxd3 cxd3+ 31. Kxd3 gxf4 32. c4 dxc4+ 33. Kxc4 f3 34. gxf3 gxf3 35. Rf1 f2 36. Rxf2 a6 37. Rf7 b5+ 38. Kd5 Kd8 39. Ke6 Bg5 40. d5 a5 41. d6 Bc1 42. Rf8# 1-0

[Event "Levice op"]
[Site "Levice"]
[Date "2018.08.02"]
[Round "1"]
[White "Berek, Geza"]
[Black "Sevcik, Peter"]
[Result "1-0"]
[WhiteElo "2234"]
[BlackElo "1640"]
[PlyCount "120"]
[EventDate "2018.08.02"]
[EventType "swiss"]
[EventRounds "7"]
[EventCountry "SVK"]
[SourceTitle "CBM 185 Extra"]
[Source "ChessBase"]
[SourceDate "2018.07.29"]
[SourceVersion "1"]
[SourceVersionDate "2018.07.29"]
[SourceQuality "1"]

1. e4 g6 2. d4 Bg7 3. Nc3 d6 4. Be3 Nd7 5. Qd2 Ngf6 6. f3 Nb6 7. 0-0-0 Bd7 8. g4 e6 9. h4 h5 10. g5 Ng8 11. Nh3 Ne7 12. Bd3 Nc6 13. Ne2 Qe7 14. Kb1 0-0-0 15. c4 Kb8 16. Rc1 Rc8 17. Nf2 a6 18. Rhd1 Rhd8 19. Ka1 Be8 20. f4 f5 21. d5 Na7 22. dxe6 Qxe6 23. exf5 gxf5 24. Nd4 Bxd4 25. Bxd4 Bg6 26. Re1 Qf7 27. b3 Nc6 28. Bb2 Nd7 29. Be2 Nc5 30. Bf3 Na7 31. b4 Nd7 32. Bd5 Qh7 33. Bf3 Nb6 34. Bd4 Bf7 35. Bxb6 cxb6 36. Qd4 Qh8 37. Qxh8 Rxh8 38. Re7 Rc7 39. Rxc7 Kxc7 40. c5 dxc5 41. bxc5 Nc6 42. cxb6+ Kxb6 43. Bxc6 bxc6 44. Nd3 Rd8 45. Ne5 Be8 46. g6 c5 47. Rg1 Bc6 48. g7 Bd5 49. Rd1 Rg8 50. Rxd5 Rxg7 51. Rd6+ Kb5 52. Rg6 Rb7 53. Kb2 Kb4 54. Rxa6 c4 55. Rc6 Ka5+ 56. Kc3 Rb4 57. Nxc4+ Kb5 58. Rb6+ Kc5 59. Rxb4 Kd5 60. Ne3+ Kc5 1-0